Flora das cangas da Serra dos Carajás, Pará, Brasil: Araceae (Registro n. 331759)
[ somente texto ]
| 000 -LÍDER | |
|---|---|
| fixed length control field | 01890nab a2200241 i 4500 |
| 003 - CÓDIGO MARC DA AGÊNCIA CATALOGADORA | |
| Campo de controle | BR-BrBNA |
| 005 - DATA E HORA DA ÚLTIMA ATUALIZAÇÃO | |
| Campo de controle | 20250528095948.0 |
| 008 - CAMPO DE TAMANHO FIXO | |
| fixed length control field | 250528b2018 bl.qr|pooa||| 00| 0 por | |
| 040 ## - FONTE DA CATALOGAÇÃO | |
| Agência catalogadora | BR-BrBNA |
| Idioma da catalogação | por |
| 072 ## - CATEGORIA AGRIS | |
| Código AGRIS | F70 |
| 100 ## - ENTRADA PRINCIPAL - NOME PESSOAL | |
| Nome pessoal | Coelho, Marcus A. Nadruz |
| 245 ## - TÍTULO PRINCIPAL | |
| Título principal | Flora das cangas da Serra dos Carajás, Pará, Brasil: Araceae |
| 500 ## - NOTA GERAL | |
| Nota geral | Publicação on-line; 10 ref.; 4 illus.; Summaries (En, Pt) |
| 942 ## - ADDED ENTRY ELEMENTS (KOHA) | |
| Koha item type | Analítica |
| 520 ## - NOTA DE RESUMO | |
| Nota de conteúdo | <br/><br/>Resumo<br/><br/>Este estudo tem como objetivo o inventário das espécies de Araceae registradas para as cangas da Serra dos<br/>Carajás, no estado do Pará, apresentando descrição detalhada, ilustração e comentários morfológicos das<br/>espécies. São registradas 23 espécies de Araceae para a área de estudo, sendo oito para Philodendron, seis para<br/>Anthurium, duas para Dieffenbachia, Monstera e Spathiphyllum e uma para Heteropsis, Syngonium e Wolffia. <br/><br/>Palavras-chave: FLONA Carajás, taxonomia, espécies ameaçadas, flora.<br/><br/><br/><br/><br/>Abstract<br/><br/>This study aims to survey the species of Araceae registered for the canga of the Serra dos Carajás, in the state<br/>of Pará, with detailed description, illustration and morphologic comments on the species. Twenty three species<br/>of Araceae were registered for the study area, eight Philodendron, six Anthurium, two for Dieffenbachia, Monstera <br/>and Spathiphyllum and one for Heteropsis, Syngonium and Wolffia. <br/><br/>Key words: FLONA Carajás, taxonomy, threatened species, flora. |
| 650 ## - ASSUNTO - THESAGRO | |
| Cabeçalho tópico ou nome geográfico | CARAJÁS |
| 650 ## - ASSUNTO - THESAGRO | |
| Cabeçalho tópico ou nome geográfico | PARÁ |
| 650 ## - ASSUNTO - THESAGRO | |
| Cabeçalho tópico ou nome geográfico | TAXONOMIA |
| 650 ## - ASSUNTO - THESAGRO | |
| Cabeçalho tópico ou nome geográfico | FLORA |
| 773 0# - ENTRADA ANALÍTICA | |
| Host Biblionumber | 709 |
| Registro do item | 350699 |
| Imprenta | Rio de Janeiro-RJ Jardim Botanico do Rio de Janeiro 1935 |
| Outro identificador | 2025-3324 |
| Título | Rodriguésia (Brazil) |
| ISSN | 0370-6583; 2175-7860 on-line |
| Colação | v. 69(1) p. 025-040; (2018) |
| Número de controle de registro | BR2025001271 |
| 856 ## - ACESSO E ENDEREÇO ELETRÔNICO | |
| Identificador uniforme de recurso - URI | https://www.scielo.br/j/rod/a/pQ78FDcrNbvJyPvcMBKpnKz/?format=pdf&lang=pt |
Nenhum exemplar disponível.

BINAGRI